000
00302nam a2200133Ia 4500
005
20260328101528.0
008
260328s9999||||xx |||||||||||||| ||und||
100
_a
Erber, Walter
245
0
_a
Joan MirĂ³ /
_c
Walter Erber
260
_b
Taschen
300
_a
240 p.
650
_a
ARQUITECTOS
942
_c
BK
999
_c
9850
_d
9850